Bílkovinová bomba z Číny

Charakteristika a história pestovania sójových bôbov. Priaznivý vplyv sóje na zdravie človeka. Proces výroby a nutričné hodnoty sójového mäsa, sójových klíčkov, tofu, omáčiek a sójového syra Tempeh.

Salvato in:
Dettagli Bibliografici
Natura: Libro
Lingua:ceco
Soggetti:
Tags: Aggiungi Tag
Nessun Tag, puoi essere il primo ad aggiungerne!!

MARC

LEADER 00000nam a2200000 4500
001 r031807
005 20230727092412.1
041 0 |a cze 
044 |a CZ 
245 1 0 |a Bílkovinová bomba z Číny 
520 |a Charakteristika a história pestovania sójových bôbov. Priaznivý vplyv sóje na zdravie človeka. Proces výroby a nutričné hodnoty sójového mäsa, sójových klíčkov, tofu, omáčiek a sójového syra Tempeh. 
610 2 0 |a sója 
610 2 0 |a plodiny poľné 
610 2 0 |a výživa 
610 2 0 |a zdravie 
610 2 0 |a potraviny 
610 2 0 |a pochutiny 
610 2 0 |a vitamíny